[Event "Oberfranken-ch Q 0809"]
[Site "Schney"]
[Date "2009.01.02"]
[Round "2"]
[White "Hornung, Wolfgang"]
[Black "Hermann, Alexej"]
[Result "1-0"]
[WhiteElo "1685"]
[BlackElo "1481"]
[PlyCount "55"]
[EventDate "2009.01.02"]
[EventType "swiss"]
[EventRounds "6"]
[EventCountry "GER"]
[SourceTitle "EXT 2015"]
[Source "ChessBase"]
[SourceDate "2014.11.20"]
[SourceVersion "1"]
[SourceVersionDate "2014.11.20"]
[SourceQuality "1"]

1. e4 e5 2. f4 exf4 3. Nf3 Nc6 4. Bc4 Bc5 5. c3 Nf6 6. d4 Bb6 7. Qc2 d5 8. exd5 Nxd5 9. 0-0 Be6 10. Bxd5 Qxd5 11. Bxf4 0-0-0 12. Nbd2 Bf5 13. Qc1 Rhe8 14. b4 Bd3 15. Re1 Qf5 16. Bg3 Be2 17. a4 a6 18. Kh1 Qd3 19. b5 Na5 20. Ne5 Qe3 21. bxa6 bxa6 22. Qb2 f6 23. Nec4 Nxc4 24. Nxc4 Qe6 25. Nxb6+ cxb6 26. Ra2 Qf5 27. Qxb6 Re7 28. Qc6+ 1-0

[Event "Oberfranken-ch U18"]
[Site "Schney"]
[Date "2006.01.06"]
[Round "7.4"]
[White "Hermann, Alexej"]
[Black "Bizzell, Brandon"]
[Result "1/2-1/2"]
[WhiteElo "1353"]
[BlackElo "1741"]
[PlyCount "59"]
[EventDate "2006.01.02"]
[EventType "swiss"]
[EventRounds "7"]
[EventCountry "GER"]
[SourceTitle "EXT 2019"]
[Source "ChessBase"]
[SourceDate "2018.10.10"]
[SourceVersion "1"]
[SourceVersionDate "2018.10.10"]
[SourceQuality "1"]

1. e4 c5 2. Nf3 Nc6 3. d4 cxd4 4. Nxd4 Nf6 5. Nc3 e5 6. Nxc6 bxc6 7. Be3 Bb4 8. Qd3 0-0 9. Be2 d5 10. exd5 cxd5 11. a3 Bxc3+ 12. bxc3 Qa5 13. 0-0 Be6 14. f4 Rac8 15. Bd2 Qc5+ 16. Kh1 Ne4 17. Be3 Qxc3 18. Qxc3 Nxc3 19. Ba6 Rc7 20. fxe5 Rb8 21. Bd4 Bc8 22. Bd3 Be6 23. h3 g6 24. Kh2 Kf8 25. g4 Ke8 26. Rf3 Kd8 27. Bxg6 hxg6 28. Rxc3 Rxc3 29. Bxc3 Rc8 30. Ba5+ 1/2-1/2

[Event "Oberfranken-ch U18 0405"]
[Site "Schney"]
[Date "2005.01.04"]
[Round "6"]
[White "Harpf, Matthias"]
[Black "Hermann, Alexej"]
[Result "0-1"]
[WhiteElo "929"]
[BlackElo "1362"]
[PlyCount "48"]
[EventDate "2005.01.02"]
[EventType "swiss"]
[EventRounds "7"]
[EventCountry "GER"]
[SourceTitle "EXT 2007"]
[Source "ChessBase"]
[SourceDate "2006.11.23"]
[SourceVersion "1"]
[SourceVersionDate "2006.11.23"]
[SourceQuality "1"]

1. d4 d5 2. c4 dxc4 3. Nc3 Nf6 4. e4 Nc6 5. Nf3 Bg4 6. Be3 e6 7. Bxc4 Bb4 8. a3 Bxc3+ 9. bxc3 Nxe4 10. Qd3 Bxf3 11. gxf3 Nd6 12. Bb5 Qd7 13. Rg1 Nf5 14. Bxc6 Qxc6 15. Ke2 0-0-0 16. Rac1 b6 17. Qe4 Qa4 18. Kd2 Kb8 19. c4 Qa5+ 20. Rc3 g6 21. Bg5 Nxd4 22. Bxd8 Rxd8 23. Qh4 Nxf3+ 24. Ke3 Nxh4 0-1

[Event "Oberfranken-ch U16 0304"]
[Site "Schney"]
[Date "2004.01.06"]
[Round "7"]
[White "Hermann, Alexej"]
[Black "Lang, Johannes"]
[Result "1-0"]
[WhiteElo "1283"]
[BlackElo "1121"]
[PlyCount "135"]
[EventDate "2004.01.02"]
[EventType "swiss"]
[EventRounds "7"]
[EventCountry "GER"]
[SourceTitle "EXT 2005"]
[Source "ChessBase"]
[SourceDate "2004.11.15"]
[SourceVersion "1"]
[SourceVersionDate "2004.11.15"]
[SourceQuality "1"]

1. e4 e5 2. Nf3 Nc6 3. Nc3 Be7 4. Bb5 d6 5. d3 Nf6 6. Be3 Bg4 7. h3 Bh5 8. g4 Bg6 9. d4 exd4 10. Nxd4 Nxe4 11. Nxc6 Qc8 12. Nxa7+ c6 13. Nxc8 Rxc8 14. Bd3 d5 15. Qe2 Bb4 16. Bxe4 Bxe4 17. Bd4 0-0 18. Rg1 Rfe8 19. 0-0-0 Bg6 20. Qd2 h6 21. a3 Ba5 22. b4 Bd8 23. f4 Bh7 24. f5 Bg5 25. Be3 Bxe3 26. Qxe3 Rxe3 27. Rd3 Rxd3 28. cxd3 f6 29. Kd2 Re8 30. Re1 Rxe1 31. Kxe1 Kf7 32. d4 b5 33. a4 bxa4 34. Nxa4 Ke7 35. Kd2 Kd6 36. Kc3 Bg8 37. Nb6 Kc7 38. Na4 Bf7 39. Nc5 Kd6 40. h4 Bg8 41. Nd3 Bf7 42. Nf4 Ke7 43. Kb3 Kd6 44. Ka4 Kc7 45. Ka5 Kd7 46. Kb6 Bg8 47. Nd3 Kd6 48. Kb7 Kd7 49. Nc5+ Kd6 50. Na6 Bf7 51. Nb8 Be8 52. Na6 Bd7 53. Nc7 Ke7 54. Ne6 Bxe6 55. fxe6 Kxe6 56. Kxc6 f5 57. gxf5+ Kxf5 58. b5 Ke4 59. b6 Kxd4 60. b7 Ke4 61. b8Q d4 62. Qb4 Ke3 63. Qe1+ Kd3 64. Kc5 Kc2 65. Kxd4 Kb3 66. Qc3+ Ka4 67. Kc5 g5 68. Qb4# 1-0